Separát štatistickej ročenky školstva SR 1991 detské útulky, materské školy, základné školy, základné umelecké školy, špeciálne školy

Uložené v:
Podrobná bibliografia
Médium: Kniha
Jazyk:Slovak
Vydavateľské údaje: Bratislava Ústav informácií a prognóz školstva, mládeže a telovýchovy 1992
Predmet:
Tagy: Pridať tag
Žiadne tagy, Buďte prvý, kto otaguje tento záznam!

MARC

LEADER 00000nam a2200000 4500
001 c002370
005 20251218101157.9
041 0 |a slo 
044 |a SK 
245 1 0 |a Separát štatistickej ročenky školstva SR 1991  |b detské útulky, materské školy, základné školy, základné umelecké školy, špeciálne školy 
264 1 |a Bratislava  |b Ústav informácií a prognóz školstva, mládeže a telovýchovy  |c 1992 
300 |a 55 s. 
610 2 0 |a Slovensko 
610 2 0 |a školstvo 
610 2 0 |a zariadenia predškolské 
610 2 0 |a školy materské 
610 2 0 |a zariadenia školské 
610 2 0 |a školy základné 
610 2 0 |a zariadenia mimoškolské 
610 2 0 |a školy základné umelecké 
610 2 0 |a zariadenia výchovné